000 01923cam a2200265 4500500
005 20260329012444.0
041 _afre
042 _adc
100 1 0 _aBureau, Dominique
_eauthor
245 0 0 _aL'évaluation des réglementations : transports et environnement
260 _c2005.
500 _a29
520 _aOn examine, à partir de deux cas particuliers dans le domaine des transports, les obstacles à l’adoption d’instruments de politique environnementale plus efficaces que la réglementation. Le cas du bruit à Roissy illustre l’économie politique de la réglementation et les gains qu’apporterait le recours à des instruments économiques. Le cas de la maîtrise de l’étalement urbain conduit à pointer le rôle des distorsions et de la mauvaise qualité des réglementations sectorielles pré-existantes.
520 _aAn Evaluation of Regulatory Systems: Transport and the Environment On the basis of two case studies, we try to identify the obstacles to the adoption of environmental policy instruments more efficient than the regulatory approach in the field of transport. Noise regulation at Charles de Gaulle Airport illustrates the economics of the problem and allows us to weigh up the gains that could be obtained by economic instruments. The case of control of urban sprawl highlights the role of pre-existing distortions in sectoral regulations, which act as subsidies harmful to the environment, and above all the need to improve their quality.
690 _aaménagement urbain
690 _abruit
690 _aréglementation
690 _atransport aérien
690 _aair transport
690 _anoise
690 _aregulation
690 _atown planning
786 0 _nÉconomie & prévision | 167 | 1 | 2005-03-01 | p. 49-65 | 0249-4744
856 4 1 _uhttps://shs.cairn.info/revue-economie-et-prevision-1-2005-1-page-49?lang=fr&redirect-ssocas=7080
999 _c1871183
_d1871183